Using a moored underwater video system to study the influence of environmental factors on coral reefs fish behaviour : thesis of master BIODIV

Αποθηκεύτηκε σε:
Λεπτομέρειες βιβλιογραφικής εγγραφής
Κύριος συγγραφέας: Loiseau, Nicolas
Συλλογικό Έργο: Πανεπιστήμιο Αιγαίου. Σχολή Περιβάλλοντος. Ελληνογαλλικό Πρόγραμμα Μεταπτυχιακών Σπουδών Διατήρηση της Βιοποικιλότητας, Universite des sciences et techniques du Languedoc
Μορφή: Thesis Βιβλίο
Γλώσσα:English
Δημοσίευση: 2010
Θέματα:
Διαθέσιμο Online:http://hdl.handle.net/11610/25087
Ετικέτες: Προσθήκη ετικέτας
Δεν υπάρχουν, Καταχωρήστε ετικέτα πρώτοι!

MARC

LEADER 00000cam a2200000 i 4500
001 1/15177
008 110927s2010 eng d
035 |l 10110872 
040 |a GR-MY-UA  |b gre  |e aacr 
041 0 |a eng 
082 0 |a 577  |2 (22) 
100 1 |a Loiseau, Nicolas. 
245 1 0 |a Using a moored underwater video system to study the influence of environmental factors on coral reefs fish behaviour :  |b thesis of master BIODIV /  |c Loiseau Nicolas 
260 |c 2010 
300 |a 20 σ.;  |b πιν.;  |c 30 εκ. 
502 |a Διατριβή (μεταπτυχιακή) – Πανεπιστήμιο Αιγαίου, Λέσβος, 2010. 
504 |a Βιβλιογραφία: σ. 13-15 
506 0 |a Ηλεκτρονική διάθεση στο πλήρες κείμενο - ελεύθερης πρόσβασης.  
540 |a Κλειδωμένη η δυνατότητα αντιγραφής (copy) από το ηλεκτρονικό κείμενο.  
650 0 0 |a Coral reef ecology. 
650 0 0 |a Marine ecology. 
650 0 0 |a Marine biological diversity. 
650 0 0 |a Dissertations, Academic  |z Greece. 
710 2 |a Πανεπιστήμιο Αιγαίου.   |b Σχολή Περιβάλλοντος.   |b Ελληνογαλλικό Πρόγραμμα Μεταπτυχιακών Σπουδών Διατήρηση της Βιοποικιλότητας. 
710 2 |a Universite des sciences et techniques du Languedoc. 
852 |a INST  |b LESVOS  |c DIATR  |e 20110927  |h 33  |p 005100051504  |q 005100051504  |t MTXE  |y 23 
852 |a INST  |b LESVOS  |c DIATR  |e 20110927  |h 34  |p 005100051505  |q 005100051505  |t MTXE  |y 23 
856 |u http://hdl.handle.net/11610/25087 
901 |a BIBL1-2011-3 
909 |a Λ  |b 171629 
909 |a Λ  |b 171630 
924 |a LOISEAU  |b NICOLAS  |y ΛΕΣΒΟΣ  |z 2010-12 
970 |a ΤΖΑΦΕΡΗ  |b ΕΥΑΓΓΕΛΙΑ  |z 2011/09/25